000 00441nam a2200193Ia 4500
005 20240823035337.0
008 240823s9999||||xx |||||||||||||| ||und||
020 _a978-0441-03770-7
041 _aENGLISH
082 _A960.326 P1
100 _aRyszard Kapuscinski
245 4 _aThe Shadow of the Sun
250 _a1st
260 _c2001
_bPenguin Cla
500 _aYES
650 _aNovel
_bEnglish
942 _cBK
999 _c200462
_d200462